000 00323nam a2200157Ia 4500
100 _aGriffiths/Dawn/ David/G
650 _aAndroid
942 _cBK
366 _f20
245 _aHead first android development
260 _bShroff
_c2016
082 _a5.133
_bGRI
300 _a698
546 _aENGLISH
999 _c29745
_d29745